boygenius - True Blue (Lyrics) - Statistics

General Stats
  • This quiz has been taken 344 times
  • The average score is 215 of 247
Answer Stats
Answer % Correct
a
99%
I
99%
You
99%
you
99%
the
98%
to
98%
your
98%
Your
98%
and
97%
And
97%
be
97%
we
97%
When
97%
when
97%
in
96%
In
96%
know
95%
were
95%
We're
95%
But
94%
but
94%
feel
94%
bitch
93%
it
93%
So
93%
so
93%
winter
93%
you're
93%
blood
92%
can't
92%
from
92%
my
92%
summer's
92%
don't
91%
good
91%
well
91%
who
91%
Who
91%
blue
90%
Blue
90%
known
90%
like
90%
said
90%
say
90%
true
90%
born
89%
feels
89%
hide
89%
myself
89%
went
89%
are
88%
out
88%
'95
87%
beach
87%
deadly
87%
heat
87%
help
87%
July
87%
love
87%
sun
87%
wanted
87%
alive
86%
around
86%
become
86%
Chicago
86%
me
86%
moved
86%
find
85%
fuck
85%
is
85%
on
85%
spinning
84%
about
81%
time
80%
wasn't
80%
Water
80%
happy
79%
I'm
77%
tried
77%
called
76%
surprised
76%
am
75%
eyes
75%
with
75%
that
71%
That
71%
tough,
70%
leaky
69%
one
69%
talk
69%
train
68%
way
68%
never
67%
could
66%
except
66%
faucet
66%
feelings
66%
humidity
66%
hurt
66%
not
66%
only
66%
freezing
65%
pissed
65%
remember
65%
three
65%
times
65%
upper
65%
lip
64%
sweat
64%
anymore
63%
Breaking
63%
doesn't
63%
done
63%
for
63%
getting
63%
matter
63%
wrong,
63%
already
62%
Because
62%
keeping
61%
Now
61%
You've
61%
fight?
60%
moving
60%
won
60%
score
59%
No matching quizzes found
Score Distribution
Percent of People with Each Score
Percentile by Number Answered
Your Score History
You have not taken this quiz